ბათუმის შოთა რუსთაველის სახელმწიფო უნივერსიტეტის ბიბლიოთეკა

ოჯახი და ბავშვის აღრზდა (ბიბ.ჩანაწერი № 38265)

000 -LEADER
fixed length control field 00617nam a2200205Ia 4500
001 - CONTROL NUMBER
control field 4255
003 - CONTROL NUMBER IDENTIFIER
control field GE_BSU
008 - FIXED-LENGTH DATA ELEMENTS--GENERAL INFORMATION
fixed length control field 181216s||||||||xx |||||||||||||| ||und||
040 ## - CATALOGING SOURCE
Transcribing agency GE_BSU
080 ## - UNIVERSAL DECIMAL CLASSIFICATION NUMBER
Universal Decimal Classification number 37.018.1
245 ## - TITLE STATEMENT
Title ოჯახი და ბავშვის აღრზდა
245 ## - TITLE STATEMENT
Statement of responsibility, etc. რედ. ფირცხალაისვილ
260 ## - PUBLICATION, DISTRIBUTION, ETC.
Place of publication, distribution, etc. ბათუმი :
260 ## - PUBLICATION, DISTRIBUTION, ETC.
Name of publisher, distributor, etc. საბჭოთა აჭარა
260 ## - PUBLICATION, DISTRIBUTION, ETC.
Date of publication, distribution, etc. 1987
300 ## - PHYSICAL DESCRIPTION
Extent 88გვ. 20 სმ.
653 ## - INDEX TERM--UNCONTROLLED
Uncontrolled term ოჯახი და ბავშვის აღრზდა
942 ## - ADDED ENTRY ELEMENTS (KOHA)
Koha item type წიგნი

არაა ხელმისაწვდომი ეგზემპლარები.